Disneyland Paris : Culture générale #1 - Statistiques

Statistiques générales
  • Ce quiz a été pris 59 fois
  • Le résultat moyen est 5 sur 10
Statistiques - réponses
Questions Réponses % Correct
Combien y-a-t’il de land différents dans le parc principal de Disneyland Paris ? 5
90%
Quel est le nouveau nom du second parc anciennement Walt Disney Studios ? Disney Adventure World
83%
Quelle est la taille minimale pour pouvoir faire l’attraction Indiana Jones et le temple du péril ? (en cm) 140 cm
77%
Où pouvons-nous entendre : "Accrochez-vous à votre chapeau et à vos lunettes car cette randonnée promet d’être la plus dingue de l’ouest !" ? Big Thunder Mountain
65%
Je suis une des trois nouvelles scènes de l’attraction « au pays des contes de fées ». Qui suis-je ? La reine des neiges / Winnie L'ourson / Là-haut
60%
Quel est le nom du petit train de Dumbo qui possède sa propre attraction ? Casey Jr
52%
Quelle était le nom de la musique de l’ancienne parade de Disneyland Paris, parade des 20 ans ? Magic Everywhere
27%
Dans quel restaurant pouvons-nous manger des fish and chips ? Toad Hall Restaurant
23%
Quel est le nom de l’ancien bateau de Thunder Mesa Riverboat ? Mark Twain
19%
Très difficile : Quel est le nom de la planète sur laquelle se trouve un Mickey caché dans la file d’attente de Buzz Lightyear Laser blast ? Pollostroutt
2%
Aucun quiz correspondant
Distribution des résultats
% des personnes avec chaque résultat
Percentile par nombre de réponses
Votre historique - résultats
Vous n’avez pas pris ce quiz